000 00294nam a22001337a 4500
008 170613b xxu||||| |||| 00| 0 eng d
020 _a9780815752431
041 _aeng
080 _a32
100 _a19
101 _aSHP
245 _aTHE NEW PUBLIC SERVICES
_cLIGHT..P.C
942 _2udc
_cBK
999 _c17114
_d17114